Регионална библиотека "Любен Каравелов" - Русе

Русский язык (Запис номер 351471)

MARC детайли
000 -Лидер
Контролно поле с фиксирана дължина 01689nam a2200361 c 4500
003 - Код на организацията, давaща контролен номер
Контролно поле BLK
005 - Дата и час на последна редакция
Контролно поле 20200404183217.0
008 - Елементи от данни с фиксирана дължина
fixed length control field 180411b bul|||||r ||||||| ||bul||
040 ## - Източник на каталожния запис
Идентификатор на билиотеката - собственик на записа BLK
041 ## - Код за език
Код за езика на текст/звукозапис или на отделно заглавие Руски
Код за езика КДБФ Руски
080 ## - УДК
Текстов определител УДК Руски език - учебни предмети
УДК код - определител по УДК 373.3.016:811.161.1
УДК определител (075.2)
УДК - код + определител 373.3.016:811.161.1(075.2)
100 1# - Редна дума - Автор
Автор Брайнова, Роза Иванова
Авторска отговорност първи автор
R(LIN) 245966
139 ## - Редно поле
Редна дума Брайнова, Роза Иванова и др.
Авторски знак Бр - Б 75
245 10 - Сведения за заглавието
Заглавие Русский язык
Подзаглавни данни Для III кл. средней общеобраз. шк. с преподаванием на рус. яз.
Редно поле (дума) Роза Иванова Брайнова, Нина Василиевна Тодорова, Стефка К. Ракидова.
257 ## - Страна на издаване
Страна на създаване/издаване България
260 ## - Област на издателските данни
Име на издателя, разпространителя и проч. Нар. просв.
Година на издаване 1987
Място на издаване, разпространение и проч. София
300 ## - Физическа характеристика
Страници 279 с.
Илюстрации и др. с цв. ил.
Размери/Мащаб 23 см
380 ## - Жанр
Жанр Обществени науки
650 #4 - Допълнително описание по предмет – тема
Основно описание – тема или топоним Руски език - учебници за основни училища
9 (RLIN) 244630
653 ## - Ключова дума – ненормативна
Ключова дума руски език
653 ## - Ключова дума – ненормативна
Ключова дума учебници за основни училища
700 1# - Други автори (авторска отговорност)
Лично име Тодорова, Нина Василиевна
Автороска отговорност (Описва отношението между автора и произведението) съавт.
9 (RLIN) 368800
700 1# - Други автори (авторска отговорност)
Лично име Ракидова, Стефка Костадинова
Автороска отговорност (Описва отношението между автора и произведението) съавт.
9 (RLIN) 114147
852 ## - Местоположение
Форматна сигнатура Цб 149300
Фондова буква Хранилище
856 4# - Електронен адрес и достъп
Електронен формат pdf - файл
856 4# - Електронен адрес и достъп
Електронен формат pdf - файл
999 ## - СИСТЕМНИ КОНТРОЛНИ НОМЕРА
Koha biblionumber 351471
Koha biblioitemnumber 351471
942 ## - АРТИКУЛИ
Вид на библиотечния материал Книги
Скрит в OPAC Не
Периодичен библиозапис Да
944 ## - СЪЗДАВАНЕ И РЕДАКЦИЯ на ЗАПИСА
Създаване/Редакция Създаване
Дата на регистрацията/редакция 2020-04-04
Служител, извършил регистрацията/редакцията Н. Р.
944 ## - СЪЗДАВАНЕ И РЕДАКЦИЯ на ЗАПИСА
Създаване/Редакция Редакция
Дата на регистрацията/редакция 2020-04-04
999 ## - СИСТЕМНИ КОНТРОЛНИ НОМЕРА
Koha biblioitemnumber 351471
999 ## - СИСТЕМНИ КОНТРОЛНИ НОМЕРА
Koha biblioitemnumber 194216
Наличности
Код за отписване Код за изгубен артикул Източник на класификационната схема Код за повреда Коз за рестрикции Код за отдаване Артикулен № Име на библиотеката - собственик Име на библиотеката, в която се намира в момента Статус (Текущо местоположение) Дата на вписване в системата Местоположение - отдел Цена в лева Инвентарен номер Систематично азбучна сигнатура Баркод Цена в евро Служебен тип на артикула
  Не е изгубен Universal Decimal Classification Не е повреден само за читалня ползва се в читалня 758365 Регионална библиотека "Любен Каравелов" Русе Регионална библиотека "Любен Каравелов" Русе Хранилище 2020-04-05 Хранилище 2.28 481957 Цб 149300 120000481957 1.17 Книги
Vip Innovations Ltd, Rousse, Bulgaria 2025